| 000 | 00940nam a22002537a 4500 | ||
|---|---|---|---|
| 005 | 20170124103044.0 | ||
| 010 | _aA-230833 | ||
| 020 | _c25.00 | ||
| 035 | _aA-230833 | ||
| 037 | _bCen Lib/Ret | ||
| 040 |
_aDPL _bHN |
||
| 082 |
_aउ _bकुलान |
||
| 100 |
_aकुलानन्द भारतीय _968172 |
||
| 245 |
_aनगर पिता / _cकुलानन्द भारतीय |
||
| 246 |
_aNagar pita / _bby Kulanand Bhartiya |
||
| 260 |
_aदिल्ली _bश्री संजय प्रकाशन _c1984 |
||
| 270 |
_a30/21, शक्ति नगर दिल्ली _bदिल्ली _e110007 |
||
| 300 |
_a216पृ. _c17सेमी (सजिल्द) |
||
| 650 |
_aहिन्दी साहित्य _968173 |
||
| 650 |
_aउपन्यास _968174 |
||
| 650 |
_aHindi literature _968175 |
||
| 650 |
_aFiction _98901 |
||
| 942 |
_2ddc _cHN _hउ _mकुलान |
||
| 999 |
_c116757 _d116757 |
||